| 000 | 00353nam a2200145Ia 4500 | ||
|---|---|---|---|
| 008 | 150201s2006 xx 000 0 und d | ||
| 082 |
_a617.645 _bP2006D |
||
| 100 | _aDAMLE,S.G. | ||
| 245 | _aTEXTBOOK OF PEDIATRIC DENTISTRY | ||
| 250 | _a3RD | ||
| 260 |
_bARYA PUBLICATION _aDELHI _c2006 |
||
| 300 | _a1-530 | ||
| 650 | _aPEDODONTICS | ||
| 942 |
_2ddc _cBK |
||
| 999 |
_c3854 _d3854 |
||